LEADER 02314nam 2200481 450 001 9910796273203321 005 20230721043754.0 010 $a2-39009-001-X 035 $a(CKB)3790000000019334 035 $a(EBL)2118715 035 $a(MiAaPQ)EBC2118715 035 $a(Au-PeEL)EBL2118715 035 $a(OCoLC)915311650 035 $a(EXLCZ)993790000000019334 100 $a20200124d2007 uy 0 101 0 $afre 135 $aur|n|---||||| 181 $ctxt$2rdacontent 182 $cc$2rdamedia 183 $acr$2rdacarrier 200 14$aLes + grands meurtriers /$fPaul Roland ; traduit de l'anglais par Sarah Boux et Justine Thomas ; sous la direction d'Eric Timmermans 210 1$aParis ;$aBruxelles :$cJLC,$d[2007] 210 4$dİ2007 215 $a1 online resource (308 p.) 300 $aDescription based upon print version of record. 311 $a2-87462-052-1 320 $aIncludes bibliographical references. 327 $aCouverture; Page de titre; Avant-propos; Introduction; Des pas dans le brouillard; Fou, me?chant et dangereux a? fre?quenter; Les dossiers du FBI; Le profilage en pratique; Deux esprits; Mauvaises graines et femmes tueuses; Crimes sexuels; Bibliographie; Copyright 330 $a Sur les traces de tueurs en se?rie, de pre?dateurs sexuels, de mai?tres chanteurs et autres terroristes les plus tristement ce?le?bresDans un langage clair, simple, accessible a? tous, a? la lumie?re de re?cits dramatiques et d'expe?riences ve?cues par les plus grands profileurs, cet ouvrage vous invite a? suivre, voire a? mener, l'enque?te. Aux co?te?s d'experts charge?s de les traquer, vous allez de?couvrir qui sont ces pre?dateurs, comment ils agissent et ce qui motive des hommes, des femmes et me?me des enfants, apparemment comme vous et moi, a? commettre les meurtres les plus abominables et les plus inimagin 606 $aMurderers$xPsychology 615 0$aMurderers$xPsychology. 676 $a364.1523 700 $aRoland$b Paul$f1959-$0489938 702 $aBoux$b Sarah 702 $aThomas$b Justine 702 $aTimmermans$b Eric 801 0$bMiAaPQ 801 1$bMiAaPQ 801 2$bMiAaPQ 906 $aBOOK 912 $a9910796273203321 996 $aLes + grands meurtriers$93801892 997 $aUNINA LEADER 01517nam 2200397z- 450 001 9910694152903321 005 20061204135246.0 035 $a(CKB)5860000000020536 035 $a(BIP)013851896 035 $a(EXLCZ)995860000000020536 100 $a20220406c2006uuuu -u- - 101 0 $aeng 200 10$aDemocracy in Latin America $esuccesses, challenges and the future : hearing before the Committee on International Relations, House of Representatives, One Hundred Ninth Congress, second session, June 21, 2006 215 $a1 online resource (iii, 69 p.) $cill 311 $a0-16-077475-6 517 $aDemocracy in Latin America 606 $aDemocracy$zLatin America 606 $aDemocratization$zLatin America 606 $aRepresentative government and representation$zLatin America 607 $aLatin America$xPolitics and government$y1980- 607 $aUnited States$xForeign relations$zLatin America 607 $aLatin America$xForeign relations$zUnited States 610 $aDemocracy 610 $aRepresentative government and representation 610 $aLatin america 610 $aUnited States 610 $aPolitical science 610 $aHistory 615 0$aDemocracy 615 0$aDemocratization 615 0$aRepresentative government and representation 712 02$aUnited States, Congress House Committee on International Relations Staff,$4oth 906 $aBOOK 912 $a9910694152903321 996 $aDemocracy in Latin America$91255796 997 $aUNINA